[Event "European Rapid 2011"]
[Site "Warsaw POL"]
[Date "2011.12.17"]
[Round "6"]
[White "Kochetkova, Julia"]
[Black "Kuzmicz, Krystian"]
[Result "1/2-1/2"]
[WhiteTitle "WGM"]
[BlackTitle "IM"]
[WhiteElo "2257"]
[BlackElo "2451"]
[WhiteFideId "4139690"]
[BlackFideId "1119125"]
[EventDate "2011.12.17"]

1. e4 c5 2. Nc3 g6 3. Nf3 Bg7 4. d4 Qa5 5. Be2 Nc6 6. d5 Nd4 7. Bd2 Nxf3+ 8.
Bxf3 d6 9. O-O Nf6 10. a4 O-O 11. Nb5 Qd8 12. Na3 Bd7 13. b3 Ne8 14. Rb1 Nc7 15.
h4 b6 16. h5 a6 17. Nc4 b5 18. Nb6 Rb8 19. Nxd7 Qxd7 20. axb5 Nxb5 21. Bg4 Qb7
22. Qf3 Nd4 23. Qd3 Qb5 24. c4 Qe8 25. hxg6 hxg6 26. b4 cxb4 27. Bxb4 Qa4 28.
Bc3 Qc2 29. Qxc2 Nxc2 30. Bxg7 Kxg7 31. Rbc1 Nb4 32. Rc3 f5 33. exf5 gxf5 34.
Bh3 Rf6 35. Re1 Kf7 36. Rf3 Nc2 37. Rd1 Rb4 38. Bxf5 Rxc4 39. Be6+ Kg7 40. Rg3+
Rg6 41. Rf3 Rf6 42. Rg3+ Kh6 43. Rh3+ Kg7 44. Rg3+ Rg6 1/2-1/2

[Event "European Rapid 2011"]
[Site "Warsaw POL"]
[Date "2011.12.17"]
[Round "6"]
[White "Probola, Bartosz"]
[Black "Sieciechowicz, Marcin"]
[Result "0-1"]
[BlackTitle "IM"]
[WhiteElo "2094"]
[BlackElo "2441"]
[WhiteFideId "1126644"]
[BlackFideId "1130170"]
[EventDate "2011.12.17"]

1. e4 c5 2. Nc3 Nc6 3. f4 g6 4. Nf3 Bg7 5. Bc4 d6 6. d3 Nf6 7. O-O O-O 8. f5
gxf5 9. Qe1 Nd4 10. Qg3 Kh8 11. Ng5 Qe8 12. exf5 b5 13. Bb3 b4 14. Nd5 Ne2+ 0-1

[Event "European Rapid 2011"]
[Site "Warsaw POL"]
[Date "2011.12.17"]
[Round "6"]
[White "Stoppel, Mariusz"]
[Black "Dragun, Kamil"]
[Result "0-1"]
[BlackTitle "IM"]
[WhiteElo "2090"]
[BlackElo "2424"]
[WhiteFideId "1111108"]
[BlackFideId "1134167"]
[EventDate "2011.12.17"]

1. e4 c5 2. b4 cxb4 3. Bb2 d5 4. exd5 Qxd5 5. d4 e6 6. c4 bxc3 7. Nxc3 Bb4 8.
Nf3 Nf6 9. Bd3 O-O 10. O-O Bxc3 11. Bxc3 b6 12. Re1 Nbd7 13. Bb4 Re8 14. Rc1 Bb7
15. Bc4 Qh5 16. Be2 Rac8 17. Qa4 a5 18. Rxc8 Rxc8 19. Be7 Qd5 20. Bf1 Re8 21.
Ba3 Bc6 22. Qc2 Bb5 23. Ne5 Bxf1 24. Kxf1 Qxd4 25. Nc6 Qf4 26. Kg1 Nd5 27. Qd3
N7f6 28. g3 Qa4 29. Ne5 b5 30. h4 b4 31. Bc1 Qxa2 32. h5 Nxh5 33. g4 Nhf4 34.
Qf3 g5 35. Nd7 Qa1 36. Kh2 Qc3 37. Be3 Qxe1 38. Bxf4 gxf4 0-1

[Event "European Rapid 2011"]
[Site "Warsaw POL"]
[Date "2011.12.17"]
[Round "6"]
[White "Butkiewicz, Lukasz"]
[Black "Adamowicz, Katarzyna"]
[Result "1-0"]
[WhiteTitle "IM"]
[BlackTitle "WFM"]
[WhiteElo "2422"]
[BlackElo "2082"]
[WhiteFideId "1122428"]
[BlackFideId "1134043"]
[EventDate "2011.12.17"]

1. e4 e5 2. Nf3 Nc6 3. Nc3 Nf6 4. a3 g6 5. Bc4 Bg7 6. d3 d6 7. h3 O-O 8. Be3 Ne7
9. Qd2 d5 10. exd5 Nfxd5 11. Nxd5 Nxd5 12. Bh6 Qd6 13. O-O-O c6 14. h4 Bg4 15.
Bxg7 Kxg7 16. h5 Nf4 17. hxg6 hxg6 18. Qe3 Bxf3 19. Qxf3 Rh8 20. Rhe1 b5 21. Bb3
a5 22. g3 Ne6 23. Bxe6 Qxe6 24. Kb1 Qd6 25. Qe3 Rae8 26. Rh1 Qd5 27. f3 a4 28.
Rde1 Rxh1 29. Rxh1 Rh8 30. Re1 Rh5 31. Rf1 c5 32. Qd2 c4 33. Qc3 cxd3 34. cxd3
Qd4 35. Qc2 Rh3 36. g4 Qe3 37. Qc3 f6 38. Qc7+ Kh6 39. Qd6 Kg5 40. Qd5 Qf4 41.
Ka2 b4 42. axb4 Qxb4 43. f4+ Kh6 44. g5+ Kh5 45. gxf6 Rh2 46. Qxe5+ Kh6 47. f7
Kh7 48. f5 Rh6 49. fxg6+ Rxg6 50. f8=Q 1-0

[Event "European Rapid 2011"]
[Site "Warsaw POL"]
[Date "2011.12.17"]
[Round "6"]
[White "Mastrovasilis, Dimitrios"]
[Black "Meskovs, Nikita"]
[Result "1-0"]
[WhiteTitle "GM"]
[BlackTitle "FM"]
[WhiteElo "2621"]
[BlackElo "2292"]
[WhiteFideId "4202694"]
[BlackFideId "11602740"]
[EventDate "2011.12.17"]

1. e4 c5 2. Nf3 e6 3. d4 cxd4 4. Nxd4 a6 5. Bd3 Qc7 6. O-O Nf6 7. Qe2 d6 8. c4
Nbd7 9. Nc3 Be7 10. Nf3 b6 11. Bf4 Bb7 12. h3 h6 13. Rac1 Ne5 14. Nxe5 dxe5 15.
Be3 O-O 16. Na4 Nd7 17. c5 bxc5 18. b4 Bc6 19. Nxc5 Nxc5 20. Bxc5 Bxc5 21. Rxc5
Qb7 22. Rfc1 Ba4 23. a3 Rfc8 24. Kh2 Rxc5 25. Rxc5 Kh7 26. Ra5 Bb5 27. Bxb5 axb5
28. Rxb5 Qa6 29. Qc4 Qxa3 30. Qc7 Qd3 31. Rxe5 Qd4 32. Rb5 Qxf2 33. Ra5 Rxa5 34.
bxa5 Qe2 35. Qxf7 Qxe4 36. a6 Qe5+ 37. Kg1 Qa1+ 38. Qf1 Qa2 39. Qd3+ Kh8 40. Qb5
Kh7 41. Qb6 Qa1+ 42. Kf2 Qf6+ 43. Ke2 Qe5+ 44. Kd3 Qf5+ 45. Kc4 Qd5+ 46. Kb4
Qd2+ 47. Kc5 Qd5+ 48. Kb4 Qd2+ 49. Kb5 Qd3+ 50. Kc6 Qd5+ 51. Kc7 Qe5+ 52. Kb7
Qd5+ 53. Qc6 Qb3+ 54. Kc8 Qe3 55. Qc7 Qe4 56. a7 Qa8+ 57. Kd7 Qd5+ 58. Ke7 Qg5+
59. Kf8 Qf5+ 60. Qf7 Qc5+ 61. Qe7 Qf5+ 62. Ke8 Qb5+ 63. Qd7 Qh5+ 64. Kd8 Qa5+
65. Kc8 Qa6+ 66. Qb7 Qc4+ 67. Kb8 Qf4+ 68. Qc7 Qf8+ 69. Kb7 Qb4+ 70. Kc6 Qc4+
71. Kd7 Qd5+ 72. Ke7 Qg5+ 73. Ke8 Qh5+ 74. Qf7 Qb5+ 75. Qd7 Qh5+ 76. Kd8 Qa5+
77. Kc8 Qc5+ 78. Kb8 Qb6+ 79. Ka8 h5 80. h4 Kh6 81. Qe8 Qc7 82. Qxe6+ Kh7 83.
Qf5+ g6 84. Qe6 Kh6 85. Qe8 Kh7 86. Qb8 Qa5 87. Qb7+ Kh6 88. Qe7 Qb6 89. Qf8+
Kh7 90. Qb8 Qa5 91. Qc8 Kg7 92. Kb8 Kh6 93. Qc1+ Kh7 94. Qc7+ 1-0

[Event "European Rapid 2011"]
[Site "Warsaw POL"]
[Date "2011.12.17"]
[Round "7"]
[White "Melkumyan, Hrant"]
[Black "Volokitin, Andrei"]
[Result "0-1"]
[WhiteTitle "GM"]
[BlackTitle "GM"]
[WhiteElo "2615"]
[BlackElo "2695"]
[WhiteFideId "13302485"]
[BlackFideId "14107090"]
[EventDate "2011.12.17"]

1. d4 Nf6 2. c4 g6 3. g3 c6 4. Nf3 d5 5. Bg2 Bg7 6. cxd5 cxd5 7. Nc3 O-O 8. Ne5
e6 9. O-O Nfd7 10. Nf3 Nc6 11. e4 dxe4 12. Nxe4 Ne7 13. Bg5 h6 14. Bxe7 Qxe7 15.
Qb3 b6 16. Rfe1 Bb7 17. Nc3 Rad8 18. Rad1 Nf6 19. d5 Bc8 20. Nd4 Qc5 21. Nc6
Rde8 22. d6 Bd7 23. Ne5 Rd8 24. a3 Ne8 25. Nxd7 Rxd7 26. Ne4 Qc8 27. Rd2 Nf6 28.
Nc3 Rfd8 29. Red1 Bf8 30. Nb5 a6 31. Qf3 Nd5 32. Nd4 Rxd6 33. Rc2 Qd7 34. Rdc1
Bg7 35. Rc7 Qe8 36. Nc6 Nxc7 37. Nxd8 Qxd8 38. h4 Bxb2 39. Rc2 Rd2 40. Rc4 Bd4
41. Kh1 Bxf2 42. Qc3 Bc5 43. Rf4 Rd1+ 44. Kh2 Nd5 0-1

[Event "European Rapid 2011"]
[Site "Warsaw POL"]
[Date "2011.12.17"]
[Round "7"]
[White "Potkin, Vladimir"]
[Black "Vovk, Yuri"]
[Result "1-0"]
[WhiteTitle "GM"]
[BlackTitle "GM"]
[WhiteElo "2684"]
[BlackElo "2571"]
[WhiteFideId "4131061"]
[BlackFideId "14113171"]
[EventDate "2011.12.17"]

1. d4 Nf6 2. c4 e6 3. Nc3 Bb4 4. e3 b6 5. Ne2 Ba6 6. Ng3 Bxc3+ 7. bxc3 O-O 8. e4
d6 9. Bd3 Nc6 10. O-O Na5 11. Qe2 c5 12. e5 dxe5 13. dxe5 Nd7 14. Rd1 Qc7 15.
Bf4 f5 16. exf6 Qxf4 17. Qxe6+ Rf7 18. Bxh7+ Kxh7 19. Qxf7 Nxf6 20. Nh5 Qh6 21.
Nxf6+ Qxf6 22. Qh5+ Qh6 23. Qxh6+ Kxh6 24. Rd6+ g6 25. Re1 Bxc4 26. Re7 Bxa2 27.
h4 Rf8 28. Rxa7 Bg8 29. Rxb6 Nc4 30. Rc6 Ne5 31. Rcc7 c4 32. f3 Rf4 33. Rc8 Bf7
34. Rc5 Nd3 35. Rcc7 Kg7 36. Kf1 Ne5 37. Ke2 Rxh4 38. Re7 Kf6 39. Rxe5 Kxe5 40.
Rxf7 Rh1 41. Rg7 Kf5 42. Rc7 Rh4 43. Ke3 Ke5 44. Rc5+ Kf6 45. g4 Rh1 46. Rxc4
Kg5 47. Rc8 1-0

[Event "European Rapid 2011"]
[Site "Warsaw POL"]
[Date "2011.12.17"]
[Round "7"]
[White "Banusz, Tamas"]
[Black "Kryvoruchko, Yuriy"]
[Result "1/2-1/2"]
[WhiteTitle "GM"]
[BlackTitle "GM"]
[WhiteElo "2563"]
[BlackElo "2666"]
[WhiteFideId "722413"]
[BlackFideId "14109182"]
[EventDate "2011.12.17"]

1. Nf3 Nf6 2. c4 e6 3. g3 b6 4. Bg2 Bb7 5. O-O Be7 6. Nc3 O-O 7. Re1 d5 8. cxd5
exd5 9. d4 Nbd7 10. Bf4 c5 11. Rc1 Ne4 12. dxc5 Ndxc5 13. Be5 Bf6 14. Bd4 Qe7
15. e3 Rfd8 16. Ne2 Ne6 17. Nf4 Nxf4 18. exf4 Rac8 19. Qa4 Bxd4 20. Qxd4 Rxc1
21. Rxc1 Nc5 22. Re1 Qd6 23. Ne5 f6 24. Ng4 Ne6 25. Qa4 a5 26. Ne3 Nc5 27. Qd4
Ne6 28. Qd2 Qd7 29. Bh3 d4 30. Nc4 Ng5 31. Bxd7 Nf3+ 32. Kf1 Nxd2+ 33. Nxd2 Rxd7
34. Re6 b5 35. Ke2 Bd5 36. Rb6 Bc4+ 37. Kd1 Re7 38. Nxc4 bxc4 39. Rc6 d3 40.
Rxc4 Re2 41. Ra4 Rxb2 42. Rxa5 Rxf2 43. a3 Ra2 44. f5 h5 45. Ra4 Rxh2 46. Rh4
Rg2 47. Rxh5 Rxg3 48. Kd2 Rg2+ 49. Kxd3 Ra2 50. Ke4 Rxa3 51. Rh2 Ra4+ 52. Kf3
Kf7 53. Rc2 Ra7 54. Kf4 Ke7 55. Rd2 Rd7 56. Re2+ Kd6 57. Rd2+ Kc6 58. Rc2+ Kb5
59. Ke4 Re7+ 60. Kf4 Kb6 61. Rc1 Rc7 62. Rb1+ Kc6 63. Rc1+ Kd6 64. Rd1+ Ke7 65.
Re1+ Kf7 66. Ra1 Kg8 67. Ra2 Rc4+ 68. Kf3 Rh4 69. Kg3 Rh5 70. Kg4 Rh1 71. Kf4
Kh7 72. Rg2 Rh4+ 73. Kf3 Rh5 74. Kf4 Rh1 75. Rg3 Rf1+ 76. Ke4 Kg8 77. Ra3 Rh1
78. Kf4 Rh4+ 79. Kg3 Rh5 80. Kg4 Rh1 81. Kf4 Rf1+ 82. Kg4 Rh1 83. Kf4 Kh7 84.
Rg3 Rh4+ 85. Kf3 Kg8 86. Rg1 Rh5 87. Kf4 Kh7 88. Rg2 Rh4+ 89. Kf3 Ra4 90. Rh2+
Kg8 91. Rb2 Rc4 92. Ra2 Rc7 93. Kf4 Kf7 94. Re2 Re7 95. Ra2 Ke8 96. Ra8+ 1/2-1/2

[Event "European Rapid 2011"]
[Site "Warsaw POL"]
[Date "2011.12.17"]
[Round "7"]
[White "Timofeev, Artyom"]
[Black "Shimanov, Aleksandr"]
[Result "1-0"]
[WhiteTitle "GM"]
[BlackTitle "GM"]
[WhiteElo "2659"]
[BlackElo "2549"]
[WhiteFideId "4140419"]
[BlackFideId "4198603"]
[EventDate "2011.12.17"]

1. c4 e6 2. Nf3 b6 3. g3 Bb7 4. Bg2 Nf6 5. O-O Be7 6. b3 O-O 7. Bb2 c5 8. d3 d5
9. cxd5 Nxd5 10. d4 cxd4 11. Nxd4 Nc6 12. Nxc6 Bxc6 13. Nc3 Nxc3 14. Bxc3 Bxg2
15. Kxg2 Rc8 16. Qd4 Bf6 17. Qxd8 Rfxd8 18. Bxf6 gxf6 19. Kf3 Rc3+ 20. e3 Rc2
21. Rfc1 Rdd2 22. Rxc2 Rxc2 23. b4 Rb2 24. a3 Rb3 25. g4 Kf8 26. h4 h6 27. Ke4
Ke7 28. f4 a5 29. bxa5 bxa5 30. a4 Rb4+ 31. Kf3 f5 32. gxf5 exf5 33. h5 Kd6 34.
Rd1+ Kc6 35. Rd8 Kc5 36. Rd7 f6 37. Rf7 Rb6 38. Rh7 Kb4 39. Rxh6 Kxa4 40. Rg6
Kb3 41. h6 Rb7 42. Rg7 Rb8 43. h7 Rh8 44. Rb7+ Kc3 45. Ra7 a4 46. e4 Kb3 47. e5
fxe5 48. fxe5 a3 49. e6 a2 50. e7 f4 1-0

[Event "European Rapid 2011"]
[Site "Warsaw POL"]
[Date "2011.12.17"]
[Round "7"]
[White "Antoniewski, Rafal"]
[Black "Bartel, Mateusz"]
[Result "0-1"]
[WhiteTitle "GM"]
[BlackTitle "GM"]
[WhiteElo "2559"]
[BlackElo "2653"]
[WhiteFideId "1111078"]
[BlackFideId "1112635"]
[EventDate "2011.12.17"]

1. e4 e5 2. Nf3 Nc6 3. Bc4 Bc5 4. O-O Nf6 5. d3 a6 6. c3 Ba7 7. Bb3 h6 8. Nbd2
d6 9. Nc4 Be6 10. a4 O-O 11. a5 Ne7 12. Ne3 Qd7 13. Re1 Ng6 14. Ba4 c6 15. Nc4
Qc7 16. Be3 Bxe3 17. Rxe3 Rad8 18. Nb6 Ng4 19. Re1 f5 20. Bb3 Bxb3 21. Qxb3+ Kh7
22. h3 fxe4 23. dxe4 Nf6 24. Rad1 Nh5 25. c4 Nhf4 26. Kh2 Qf7 27. Re3 Ne6 28.
Qc3 Ngf4 29. g3 Qh5 30. gxf4 Nxf4 31. Kg1 Nxh3+ 32. Kf1 Nf4 33. Ke1 Ng2+ 34. Ke2
Nxe3 35. Qxe3 Rf4 36. Rg1 Rdf8 37. Rg3 g5 38. Rh3 Rh4 39. Rg3 Rff4 40. Kd2 Rh1
41. c5 Qg6 42. Qd3 dxc5 43. Nd7 c4 44. Qxc4 Qd6+ 45. Ke3 Qxd7 46. Qc3 0-1

[Event "European Rapid 2011"]
[Site "Warsaw POL"]
[Date "2011.12.17"]
[Round "7"]
[White "Zhigalko, Sergei"]
[Black "Jaracz, Pawel"]
[Result "1/2-1/2"]
[WhiteTitle "GM"]
[BlackTitle "GM"]
[WhiteElo "2651"]
[BlackElo "2542"]
[WhiteFideId "13502956"]
[BlackFideId "1102222"]
[EventDate "2011.12.17"]

1. e4 c5 2. Nf3 e6 3. c3 Nf6 4. e5 Nd5 5. Bc4 d6 6. d4 Nb6 7. Bb3 dxe5 8. Nxe5
cxd4 9. cxd4 Nc6 10. Nxc6 bxc6 11. O-O Be7 12. Nc3 Ba6 13. Re1 O-O 14. Ne4 Bc4
15. Bc2 g6 16. a3 Bd5 17. Bh6 Re8 18. Bd3 Bxe4 19. Bxe4 Nd5 20. Rc1 Qb6 21. Re2
Bf6 22. Rc4 Red8 23. Qa4 Rd6 24. g3 Bg7 25. Bg5 h6 26. Bc1 Qd8 27. Qc2 Ne7 28.
Be3 Rc8 29. Qa4 Nd5 30. Bxd5 exd5 31. Rc3 Qd7 32. Rec2 h5 33. b4 Kh7 34. Rc1 h4
35. Qc2 a6 36. Qd3 Ra8 37. Qc2 Rc8 38. Qe2 hxg3 39. hxg3 Ra8 40. Qc2 Rc8 41. Qa4
Qb7 42. Qc2 Bf6 43. Rc5 Kg7 44. Kg2 Qd7 45. Qd3 Rh8 46. Kf3 Re8 47. Kg2 1/2-1/2

[Event "European Rapid 2011"]
[Site "Warsaw POL"]
[Date "2011.12.17"]
[Round "7"]
[White "Howell, David W L"]
[Black "Simonian, Hrair"]
[Result "1-0"]
[WhiteTitle "GM"]
[BlackTitle "GM"]
[WhiteElo "2633"]
[BlackElo "2468"]
[WhiteFideId "410608"]
[BlackFideId "13302337"]
[EventDate "2011.12.17"]

1. e4 c5 2. c3 d5 3. exd5 Qxd5 4. d4 g6 5. Nf3 Bg7 6. Na3 cxd4 7. Bc4 Qe4+ 8.
Be3 Nh6 9. cxd4 O-O 10. Nb5 Na6 11. O-O Bg4 12. Ng5 Bxd1 13. Nxe4 Ba4 14. Nec3
Bxb5 15. Nxb5 Nf5 16. Rac1 Nb4 17. g4 a6 18. Nc7 Nxe3 19. fxe3 Rad8 20. Bb3 Nc6
21. Kg2 Na5 22. Bd5 e6 23. Bf3 Rc8 24. b4 Nc6 25. Nxa6 Ra8 26. b5 Nd8 27. Rc2 e5
28. dxe5 Bxe5 29. Bd5 Kg7 30. Nc7 Ra5 31. Bb3 Bxc7 32. Rxc7 Rxb5 33. Rd1 Nc6 34.
Rd5 Rb4 35. Kf3 Re8 36. h4 Ne5+ 37. Rxe5 Rxe5 38. Rxf7+ Kh8 39. Rf8+ Kg7 40.
Rg8+ Kh6 41. Bc2 Rb2 1-0

[Event "European Rapid 2011"]
[Site "Warsaw POL"]
[Date "2011.12.17"]
[Round "7"]
[White "Gdanski, Jacek"]
[Black "Romanov, Evgeny"]
[Result "0-1"]
[WhiteTitle "GM"]
[BlackTitle "GM"]
[WhiteElo "2538"]
[BlackElo "2627"]
[WhiteFideId "1100106"]
[BlackFideId "4148843"]
[EventDate "2011.12.17"]

1. e4 e5 2. Nf3 Nc6 3. Bb5 g6 4. c3 a6 5. Ba4 d6 6. Bxc6+ bxc6 7. d4 f6 8. dxe5
fxe5 9. Bg5 Qd7 10. c4 c5 11. Nc3 Rb8 12. Qd2 Bg7 13. O-O h6 14. Be3 Ne7 15.
Rad1 g5 16. Qc2 O-O 17. Nd2 Nc6 18. b3 Nd4 19. Qd3 g4 20. Kh1 Qe8 21. Ne2 Bd7
22. Ng3 h5 23. Bxd4 cxd4 24. f3 gxf3 25. Nxf3 Bf6 26. Rde1 h4 27. Nf5 Qh5 28. h3
Kh8 29. Nh2 Bg5 30. Ng4 Rf7 31. Rf3 Rbf8 32. Ref1 Qg6 33. R1f2 c5 34. Qf1 Bf4
35. Rxf4 exf4 36. Ngh6 Bxf5 37. Nxf7+ Rxf7 38. exf5 Qxf5 39. Qe1 Qf6 40. Qe4 Qe5
41. Qg6 Rf6 42. Qc2 Qe1+ 43. Kh2 0-1

[Event "European Rapid 2011"]
[Site "Warsaw POL"]
[Date "2011.12.17"]
[Round "7"]
[White "Bryzgalin, Kirill"]
[Black "Mista, Aleksander"]
[Result "1-0"]
[WhiteTitle "GM"]
[BlackTitle "GM"]
[WhiteElo "2467"]
[BlackElo "2587"]
[WhiteFideId "4133285"]
[BlackFideId "1110381"]
[EventDate "2011.12.17"]

1. d4 d5 2. c4 dxc4 3. Qa4+ Nc6 4. Nf3 Bg4 5. e3 Bxf3 6. gxf3 Qd5 7. Bxc4 Qxf3
8. Rg1 e6 9. Nd2 Qh5 10. d5 exd5 11. Ba6 O-O-O 12. Qxc6 bxa6 13. Qxa6+ Kd7 14.
Qa4+ Ke7 15. b3 f6 16. Ba3+ Kf7 17. Bxf8 Rxf8 18. Rc1 Ne7 19. Rxc7 Rc8 20. Rxe7+
Kxe7 21. Qxa7+ Ke8 22. Nc4 Rxc4 23. bxc4 Rg8 24. Qb8+ Kf7 25. Qc7+ Ke6 26. Qc6+
Ke7 27. cxd5 Qe5 28. Rg4 Rb8 29. Re4 Rb1+ 30. Ke2 Rb2+ 31. Kd3 1-0

[Event "European Rapid 2011"]
[Site "Warsaw POL"]
[Date "2011.12.17"]
[Round "7"]
[White "Dragun, Kamil"]
[Black "Fedorov, Alexei"]
[Result "0-1"]
[WhiteTitle "IM"]
[BlackTitle "GM"]
[WhiteElo "2424"]
[BlackElo "2579"]
[WhiteFideId "1134167"]
[BlackFideId "13500465"]
[EventDate "2011.12.17"]

1. e4 c5 2. d4 d6 3. Nf3 cxd4 4. Nxd4 Nf6 5. Nc3 g6 6. Be3 Bg7 7. f3 a6 8. Bc4
b5 9. Bb3 Nbd7 10. a4 bxa4 11. Nxa4 Bb7 12. Qd2 O-O 13. Ne2 Qc7 14. O-O Bc6 15.
Nec3 Rfc8 16. Kh1 Rab8 17. Rfd1 a5 18. Qe2 e6 19. Rd2 Ne8 20. f4 Nef6 21. Bg1
Rb4 22. Rd4 Nh5 23. Rxb4 axb4 24. Na2 Ndf6 25. Rf1 Nxe4 26. Qe3 Qb7 27. Nb6 Nc5 0-1

[Event "European Rapid 2011"]
[Site "Warsaw POL"]
[Date "2011.12.17"]
[Round "7"]
[White "Malec, Sebastian"]
[Black "Lintchevski, Daniil"]
[Result "0-1"]
[BlackTitle "GM"]
[WhiteElo "2136"]
[BlackElo "2575"]
[WhiteFideId "1170937"]
[BlackFideId "4171055"]
[EventDate "2011.12.17"]

1. e4 c6 2. d4 d5 3. Nc3 dxe4 4. Nxe4 Bf5 5. Ng3 Bg6 6. Nh3 e6 7. Nf4 Qh4 8. c3
Nd7 9. Qf3 Ngf6 10. Nxg6 hxg6 11. Bd3 Bd6 12. Ne4 Nxe4 13. Qxe4 Qxe4+ 14. Bxe4
O-O-O 15. Be3 Nf6 16. Bf3 Nd5 17. Bxd5 cxd5 18. h3 Kd7 19. Kd2 b5 20. a4 b4 21.
Kd3 bxc3 22. bxc3 Rb8 23. Rhb1 Rhc8 24. Rb5 a6 25. Rxb8 Rxb8 26. Kc2 Kc6 27. Bc1
f6 28. Ba3 Bc7 29. Re1 Re8 30. Kd3 e5 31. c4 Rb8 32. Bc1 Rb3+ 33. Kc2 dxc4 34.
Bb2 exd4 35. Bxd4 Rd3 36. Bb2 Ba5 37. Re2 Bb4 38. Bc1 Bc5 39. Re6+ Rd6 40. Re4
Kd5 41. f3 Re6 42. Rg4 f5 43. Rh4 Re2+ 44. Kc3 Rxg2 45. Rh8 Bb6 46. Ba3 Rg3 47.
Bb4 Rxf3+ 48. Kc2 Rf2+ 49. Kc1 f4 50. a5 Be3+ 51. Kd1 Ra2 52. Rf8 Ke4 53. Be1
Ra1+ 54. Ke2 f3+ 0-1

[Event "European Rapid 2011"]
[Site "Warsaw POL"]
[Date "2011.12.17"]
[Round "7"]
[White "Schmidt, Wlodzimierz"]
[Black "Kravtsiv, Martyn"]
[Result "0-1"]
[WhiteTitle "GM"]
[BlackTitle "GM"]
[WhiteElo "2378"]
[BlackElo "2601"]
[WhiteFideId "1100041"]
[BlackFideId "14113147"]
[EventDate "2011.12.17"]

1. d4 Nf6 2. c4 e6 3. Nc3 Bb4 4. Qc2 O-O 5. a3 Bxc3+ 6. Qxc3 b6 7. Bg5 Bb7 8. f3
h6 9. Bh4 d5 10. e3 Nbd7 11. cxd5 Bxd5 12. Ba6 c5 13. Ne2 cxd4 14. exd4 Nb8 15.
Bd3 Bb7 16. Bf2 Nc6 17. b4 Rc8 18. Qd2 e5 19. O-O exd4 20. Bf5 Rc7 21. b5 Ne7
22. Bh3 d3 23. Nf4 Bc8 24. Bxc8 Qxc8 25. Qxd3 Rd8 26. Qe2 Ned5 27. Nxd5 Rxd5 28.
Rfd1 Rc2 29. Qe7 Qc3 30. Rab1 Rg5 31. Qd8+ Kh7 32. Qd3+ Qxd3 33. Rxd3 Nd5 34. h4
Rxg2+ 35. Kxg2 Nf4+ 36. Kg3 Nxd3 37. Bd4 Nc1 38. Be3 Ne2+ 39. Kg4 Rc4+ 40. Kh3
Rc3 41. Ra1 0-1

[Event "European Rapid 2011"]
[Site "Warsaw POL"]
[Date "2011.12.17"]
[Round "7"]
[White "Dziuba, Marcin"]
[Black "Przedmojski, Rafal"]
[Result "1/2-1/2"]
[WhiteTitle "GM"]
[WhiteElo "2589"]
[BlackElo "2378"]
[WhiteFideId "1112953"]
[BlackFideId "1102451"]
[EventDate "2011.12.17"]

1. d4 f5 2. g3 Nf6 3. Bg2 e6 4. c4 d5 5. Nh3 Bd6 6. O-O O-O 7. Bf4 Be7 8. Nd2 h6
9. Be5 g5 10. f4 Ng4 11. Qb3 c6 12. Bxb8 Rxb8 13. Nf3 Bd7 14. Rac1 Be8 15. Nf2
Nxf2 16. Rxf2 gxf4 17. gxf4 Bf6 18. Qe3 Qe7 19. Kh1 Bh5 20. Ne5 Kh7 21. Rff1 Rg8
22. cxd5 cxd5 23. Qd3 Bxe5 24. dxe5 Rg7 25. Bf3 Bxf3+ 26. Qxf3 Rbg8 27. Rg1 Qb4
28. b3 Qd4 29. Rg3 Qd2 30. Rxg7+ Rxg7 31. Rg1 Qxa2 32. Rxg7+ Kxg7 33. Qg3+ Kf7
34. Qh4 Qb1+ 35. Kg2 Qe4+ 36. Kf2 Qd4+ 37. Kg2 Qe4+ 38. Kf2 Qd4+ 39. Kg2 1/2-1/2

[Event "European Rapid 2011"]
[Site "Warsaw POL"]
[Date "2011.12.17"]
[Round "7"]
[White "Swiercz, Dariusz"]
[Black "Hansen, Mads Smith"]
[Result "1-0"]
[WhiteTitle "GM"]
[WhiteElo "2584"]
[BlackElo "2377"]
[WhiteFideId "1126881"]
[BlackFideId "1400258"]
[EventDate "2011.12.17"]

1. d4 e6 2. c4 b6 3. Nc3 Bb4 4. e3 Bxc3+ 5. bxc3 Bb7 6. Nf3 f5 7. Bd3 Qf6 8. O-O
Ne7 9. a4 Nbc6 10. e4 fxe4 11. Bxe4 Na5 12. Bg5 Qf8 13. Bxb7 Nxb7 14. Ne5 d6 15.
Bxe7 Kxe7 16. Nd3 Qf5 17. Re1 Rae8 18. Rb1 Rhf8 19. c5 Kf7 20. cxd6 cxd6 21. Rb5
Qf6 22. Rh5 Kg8 23. Rh3 Qf5 24. Qe2 Nd8 25. Rh5 Qg6 26. a5 bxa5 27. Rxa5 Re7 28.
Ra6 Rd7 29. Rea1 Rff7 30. Qe3 h6 31. g3 Rfe7 32. c4 Qf5 33. R1a5 e5 34. dxe5
dxe5 35. Rd5 Rxd5 36. cxd5 Nf7 37. h4 Rd7 38. Ra5 Rc7 39. Rc5 Rb7 40. Rc3 e4 41.
Nf4 Ne5 42. Kg2 a5 43. Ne6 Rb1 44. Rc8+ Kf7 45. Rc3 Rb7 1-0

[Event "European Rapid 2011"]
[Site "Warsaw POL"]
[Date "2011.12.17"]
[Round "7"]
[White "Gritsak, Orest"]
[Black "Brendel, Oliver"]
[Result "1/2-1/2"]
[WhiteTitle "GM"]
[BlackTitle "IM"]
[WhiteElo "2548"]
[BlackElo "2362"]
[WhiteFideId "14102188"]
[BlackFideId "4602048"]
[EventDate "2011.12.17"]

1. Nf3 Nf6 2. c4 g6 3. Nc3 c5 4. g3 Bg7 5. Bg2 Nc6 6. O-O O-O 7. d4 cxd4 8. Nxd4
Ng4 9. e3 d6 10. b3 Nxd4 11. exd4 Nh6 12. Qd2 Nf5 13. Ne2 Rb8 14. Bb2 b5 15.
cxb5 Rxb5 16. d5 Bxb2 17. Qxb2 Qb6 18. Rac1 Bd7 19. Rfe1 a5 20. Qd2 Rb4 21. Rc4
Rxc4 22. bxc4 Rb8 23. Be4 Qb4 24. Qxb4 Rxb4 25. Rc1 Rb2 26. Rc2 Rxc2 27. Bxc2
Kg7 28. Kf1 Kf6 29. Ke1 h6 30. Kd2 g5 31. f4 gxf4 32. gxf4 h5 33. Ng3 h4 34.
Ne4+ Kg7 35. c5 dxc5 36. Nxc5 Bc8 37. a4 Nd4 38. Be4 Kh6 39. Ke3 Nf5+ 40. Bxf5
Bxf5 41. Nb7 Bc2 42. Nxa5 Bxa4 43. Nc4 Bb3 44. d6 exd6 45. Nxd6 Kh5 46. Ne4 Kg4
47. Nf2+ Kf5 48. Ne4 Bd5 49. Nc3 Bb7 50. Nd1 Kg4 51. Nf2+ Kf5 52. Nd1 Kg4 53.
Nf2+ 1/2-1/2